Normal view
MARC view
- GC Asfand yar GC Qaisar khan GC Saddam Zafar GC Rawal Riaz
Entry Personal Name
001 - CONTROL NUMBER
- control field: 72982
003 - CONTROL NUMBER IDENTIFIER
- control field: NUST
005 - DATE AND TIME OF LATEST TRANSACTION
- control field: 20210628204941.0
008 - FIXED-LENGTH DATA ELEMENTS
- fixed length control field: 210628|| aca||aabn | a|a d
040 ## - CATALOGING SOURCE
- Original cataloging agency: NUST
- Transcribing agency: NUST
100 ## - HEADING--PERSONAL NAME
- Personal name: GC Asfand yar GC Qaisar khan GC Saddam Zafar GC Rawal Riaz
670 ## - SOURCE DATA FOUND
- Source citation: Work cat.: (NUST): GC Asfand yar GC Qaisar khan GC Saddam Zafar GC Rawal Riaz, PR-SOF-1885-Currency Exchange Rate Prediction using Machine learning techniques, 2020
